000 00269nam a2200121Ia 4500
008 190723s9999 xx 000 0 und d
100 _aRita Mulcahy
245 0 _aPMP Exam Prep
250 _a7nth
260 _aIndia
_bDiethelm PMP
_c2016
300 _a540:p
942 _cBK
999 _c2027
_d2027